000 00608nmc a2200241 a 4500
003 AR-BaBNM
005 20251128211708.0
008 255020s1995 ||||||||||||||000 | spa||
020 _a958-655-206-3
040 _cAR-BaBNM
100 1 _aOrtiz, Omar
245 1 0 _aEl libro de las cosas
250 _a1ª ed.
260 _aMedellín
_bEditorial Universidad de Antioquia
_c1995
300 0 _a111 p.
490 0 _aPremio Nacional de Poesía
650 4 _aLITERATURA CONTEMPORANEA
650 4 _aPOESIA
653 0 _aLITERATURA COLOMBIANA
655 _aLITERATURA
942 _cBK
998 _cmartin
999 _c20755
_d20755